NLSUI OPAC header image

Ten Ideologies: (Record no. 113716)

MARC details
000 -LEADER
fixed length control field 02362 a2200241 4500
003 - CONTROL NUMBER IDENTIFIER
control field OSt
005 - DATE AND TIME OF LATEST TRANSACTION
control field 20260106045112.0
008 - FIXED-LENGTH DATA ELEMENTS--GENERAL INFORMATION
fixed length control field 190808b2019 ||||| |||| 00| 0 eng
020 ## - INTERNATIONAL STANDARD BOOK NUMBER
International Standard Book Number 9789352875511 (paperback)
040 ## - CATALOGING SOURCE
Transcribing agency hb
082 ## - DEWEY DECIMAL CLASSIFICATION NUMBER
Classification number 338.9
Item number RED
100 ## - MAIN ENTRY--PERSONAL NAME
Personal name Reddy S. Jaipal
245 ## - TITLE STATEMENT
Title Ten Ideologies:
Remainder of title The Great Asymmetry between Agrarianism and Industrialism /
Statement of responsibility, etc. By S. Jaipal Reddy
260 ## - PUBLICATION, DISTRIBUTION, ETC.
Name of publisher, distributor, etc. Orient BlackSwan ;
Date of publication, distribution, etc. 2019,
Place of publication, distribution, etc. Hyderabad.
300 ## - PHYSICAL DESCRIPTION
Extent 304 pages
Dimensions 24 cm.
365 ## - TRADE PRICE
Price amount Rs. 1150.00
505 ## - FORMATTED CONTENTS NOTE
Formatted contents note Foreword - <br/>Gopalkrishna Gandhi - <br/>Preface - Introduction -<br/>Part I: Four Great Movements: <br/>1. The Renaissance - <br/>2. Humanism (Hellenic) -<br/>3. The Reformation (Protestant) -<br/>4. Scientific Revolution - <br/>Part II: Ten Ideologies: <br/>5. Nationalism -<br/>6. Democracy -<br/>7. Liberalism - <br/>8. Capitalism - <br/>9. Evolutionary Socialism. <br/>10. Revolutionary Socialism -<br/>11. Feminism - <br/>12. Environmentalism - <br/>13. Nuclear Pacifism - <br/>14. Globalism -<br/>15. The Great Asymmetry - <br/>Bibliography - <br/>Index.
520 ## - SUMMARY, ETC.
Summary, etc. In modern history, the Industrial Revolution is seen as the biggest break, helping humankind move from the Agrarian to the Industrial era.<br/>In Ten Ideologies, eminent scholar and politician S. Jaipal Reddy presents an overview of world history and studies the four great movements that laid the foundation of the Industrial Revolution:<br/>The Renaissance; Humanism; Protestant Reformation; and The Scientific Revolution.<br/>He also points out that these movements were themselves influenced by the legacy of China, India and West Asia.<br/>The author believes that ideology is just as important today; if social ideologies die out, primordial cultural identities based on religion, race, or nation will reawaken, thereby dividing society further. In this context, he discusses ten major ideologies that shaped the world: (i) Nationalism, (ii) Democracy, (iii) Liberalism, (iv) Capitalism, (v) Evolutionary Socialism, (vi) Revolutionary Socialism, (vii) Feminism, (viii) Environmentalism, (ix) Nuclear Pacifism, and (x) Globalism.<br/>Informative and incisive, this reader provides a rare and compact coverage of ideologies, and a study of the great asymmetry between pre-industrial passions and post-industrial weapons.
630 ## - SUBJECT ADDED ENTRY--UNIFORM TITLE
Uniform title Political Science
630 ## - SUBJECT ADDED ENTRY--UNIFORM TITLE
Uniform title Democracy
630 ## - SUBJECT ADDED ENTRY--UNIFORM TITLE
Uniform title Capitalism
942 ## - ADDED ENTRY ELEMENTS (KOHA)
Source of classification or shelving scheme Dewey Decimal Classification
Koha item type BOOKs
Holdings
Withdrawn status Lost status Source of classification or shelving scheme Materials specified (bound volume or other part) Damaged status Not for loan Home library Current library Shelving location Date acquired Source of acquisition Coded location qualifier Cost, normal purchase price Total Checkouts Full call number Barcode Date last seen Date last checked out Price effective from Koha item type
    Dewey Decimal Classification HB     . . General Stacks 03.06.2019 Purchased MPPSECTION 1150.00 1 338.9 RED 37436 19.04.2021 12.03.2021 03.06.2019 BOOKs